[Event "BCC Josh Friedel Marathon"]
[Site "Berkeley"]
[Date "2008.08.15"]
[Round "6.2"]
[White "Petty, David A"]
[Black "Snyder, Larry"]
[Result "1-0"]
[WhiteElo "1988"]
[BlackElo "2037"]
[PlyCount "55"]
[EventDate "2008.??.??"]
[SourceDate "2007.10.22"]

1. e4 e5 2. f4 exf4 3. Nf3 Be7 4. Bc4 Nf6 5. e5 Ng4 6. O-O d5 7. exd6 Qxd6 8.
d4 O-O 9. Nc3 Be6 10. Bd3 f5 11. Nb5 Qd7 12. Bxf4 Bd6 13. Nxd6 cxd6 14. Ng5 Nc6
15. c3 Kh8 16. Nxh7 Kxh7 17. Qxg4 Rae8 18. Rae1 Kg8 19. Qh5 d5 20. Re3 Qf7 21.
Qxf7+ Kxf7 22. Bd6 Rh8 23. Bxf5 Bxf5 24. Rxf5+ Kg6 25. Rxe8 Rxe8 26. Rxd5 Re2
27. Rb5 b6 28. d5 1-0

[Event "Shorman Sunday Night Marathon"]
[Site "?"]
[Date "2008.01.27"]
[Round "6"]
[White "Petty, David"]
[Black "Sowell, Nelson"]
[Result "1-0"]
[WhiteElo "1899"]
[BlackElo "1749"]
[Annotator ",Elizabeth"]
[PlyCount "61"]
[EventDate "2008.??.??"]
[SourceDate "2007.10.22"]

1. e4 Nf6 2. Nc3 d5 3. exd5 Nxd5 4. Bc4 Nb6 5. Bb3 Nc6 6. Nf3 e6 7. O-O Be7 8.
a3 O-O 9. d4 Nd5 10. Ne4 Nf6 11. Re1 Nxe4 12. Rxe4 Bf6 13. c3 Bd7 14. Qd3 Ne7
15. Bf4 Bc6 16. Re2 Ng6 17. Bg3 b6 18. Ne5 Bxe5 19. Bxe5 Qg5 20. Qg3 Qxg3 21.
Bxg3 Rac8 22. Rae1 b5 23. Rxe6 Bb7 (23... fxe6 24. Rxe6 Bxg2 25. Rxg6+ Kh8 26.
Rh6 {(this was the plan when I played 23. Rxe6, and I was going to followup it
up with putting my dark squared bishop on e5 and the light squared bishop on
c2, and then going after the kingside pawns, but right here black has the move}
Be4 27. Be5 {and I think black is winning, although I can still try to
blockade things, with moves like f4. If he goes for c5 too fast, I can try to
make a passed d-pawn)}) 24. R6e3 c5 25. dxc5 Rxc5 26. Bd6 Rg5 27. Bxf8 Rxg2+
28. Kf1 Nxf8 29. Re7 Bc6 30. Rxf7 Rg6 31. Rf6+ 1-0

[Event "George Koltanowski Sunday Marathon"]
[Site "?"]
[Date "2007.11.18"]
[Round "5"]
[White "Petty, David"]
[Black "Watson, Farid"]
[Result "1/2-1/2"]
[WhiteElo "1923"]
[BlackElo "1954"]
[Annotator ",Elizabeth"]
[PlyCount "66"]
[EventDate "2007.10.28"]
[SourceDate "2007.10.22"]

1. e4 g6 2. d4 Bg7 3. Nc3 d6 4. Be3 Nf6 5. Be2 Nc6 6. Qd2 Ng4 7. Bxg4 Bxg4 8.
f3 Bd7 9. Nge2 e5 10. Bg5 f6 11. Bh6 Kf7 12. Bxg7 Kxg7 13. h4 h6 14. O-O-O Ne7
15. dxe5 fxe5 16. f4 Bc6 17. h5 Qe8 18. hxg6 Qxg6 19. Rh3 Qf6 20. Rdh1 Rh7 21.
g4 Rah8 22. Ng3 Kf8 23. f5 Qf7 24. Rxh6 Rxh6 25. Rxh6 Qg7 26. Rxh8+ Qxh8 27.
Qg5 Be8 28. Qe3 Qh3 29. g5 Qh4 30. Nce2 a6 31. g6 Bc6 32. Qf3 d5 33. Qc3 Qf6 {
(agreed to a draw, as both players had 1 minute left and it was mutuallyscary!)
} 1/2-1/2

[Event "David Pruess FNM; 30/90, SD/30"]
[Site "Berkeley"]
[Date "2008.09.26"]
[Round "4.1"]
[White "Petty, David A"]
[Black "Watson, Farid Mark"]
[Result "1/2-1/2"]
[WhiteElo "1983"]
[BlackElo "1963"]
[PlyCount "115"]
[EventDate "2008.??.??"]
[SourceDate "2007.10.22"]

1. e4 g6 2. d4 Bg7 3. Nc3 d6 4. Be3 c6 5. Qd2 a5 6. Be2 Na6 7. f4 Nf6 8. h3 e6
9. Bf3 d5 10. Nge2 dxe4 11. Nxe4 Nxe4 12. Bxe4 O-O 13. O-O Qe7 14. Qxa5 Bd7 15.
c3 b5 16. a4 Rfc8 17. axb5 Nc7 18. Qb6 Rxa1 19. Rxa1 Nd5 20. Qb7 Qe8 21. Bxd5
exd5 22. Kf2 Rb8 23. Qc7 cxb5 24. Ra7 Rd8 25. Ng1 f6 26. Nf3 Qe7 27. Qc5 Qe6
28. Ra1 Bf8 29. Qa7 Re8 30. Re1 Qc6 31. Ra1 Bc8 32. Nh2 Bb7 33. Qa2 Bd6 34. Ng4
Kf7 35. Qb1 Re4 36. g3 Bb8 37. Qd3 Qe8 38. Nh2 Bc8 39. Nf3 Kg8 40. Nd2 Re7 41.
g4 Bb7 42. Nb3 Bc8 43. Nc5 Bd6 44. b4 Qc6 45. Bd2 Kg7 46. Qf3 h6 47. Ra2 f5 48.
Ra1 Qc7 49. g5 hxg5 50. fxg5 Qc6 51. Bf4 Bc7 52. Qg3 Bd8 53. Be5+ Kg8 54. Bf6
Re8 55. Bxd8 Rxd8 56. Qf4 Re8 57. Ra7 Qb6 58. Rc7 1/2-1/2

[Event "Berkeley CC Ch2011 FNM; 30/90, SD/30"]
[Site "Berkeley"]
[Date "2011.12.02"]
[Round "5.2"]
[White "Poehlmann, Roger"]
[Black "Cunningham, Robin"]
[Result "0-1"]
[WhiteElo "2264"]
[BlackElo "2277"]
[PlyCount "50"]
[EventDate "2011.??.??"]
[SourceDate "2007.10.22"]

1. g3 f5 2. Nf3 Nf6 3. Bg2 g6 4. O-O Bg7 5. d4 O-O 6. b4 Nc6 7. b5 Na5 8. Nbd2
d5 9. Ne5 Be6 10. Nb3 Nxb3 11. axb3 Ne4 12. Qd3 Nd6 13. Ra4 Qe8 14. c4 dxc4 15.
bxc4 a6 16. Rb4 axb5 17. cxb5 Ra5 18. Bf4 Rxb5 19. Rxb5 Qxb5 20. Qxb5 Nxb5 21.
e3 c6 22. Rb1 Ra8 23. Bf1 Bd5 24. h3 Be4 25. Rb3 Bxe5 0-1

[Event "Berkeley CC De Firmian FNM; 30/90, SD/30"]
[Site "Berkeley"]
[Date "2012.04.13"]
[Round "3.3"]
[White "Poehlmann, Roger M"]
[Black "Heifetz, Michael"]
[Result "1/2-1/2"]
[WhiteElo "2256"]
[BlackElo "1930"]
[PlyCount "88"]
[EventDate "2012.??.??"]

1. g3 Nf6 2. Bg2 g6 3. d4 d5 4. Nf3 Bg7 5. O-O O-O 6. Nbd2 c6 7. c4 b6 8. b3
Bb7 9. Bb2 Nbd7 10. e3 Rc8 11. Qe2 e6 12. e4 dxe4 13. Ng5 c5 14. Rad1 Qc7 15.
Ngxe4 Rfd8 16. dxc5 bxc5 17. Rfe1 Nxe4 18. Nxe4 Bxe4 19. Bxe4 Nf6 20. Bf3 Rxd1
21. Rxd1 Rd8 22. Rxd8+ Qxd8 23. a3 Qd6 24. Be5 Qb6 25. Qd2 Ne4 26. Qf4 Bxe5 27.
Qxe4 Bb2 28. Qb7 Qxb7 29. Bxb7 Bxa3 30. Kf1 Kg7 31. Ke2 f5 32. f4 Kf6 33. Kf3
a5 34. Bc6 e5 35. fxe5+ Kxe5 36. h3 Bc1 37. Be8 Kd4 38. g4 Kc3 39. Ba4 fxg4+
40. hxg4 h6 41. Kg2 Kd3 42. Kf3 Bg5 43. Be8 Kc3 44. Ba4 Kd3 1/2-1/2

[Event "Berkeley CC Capablanca FNM; 30/90, SD/3"]
[Site "Berkeley"]
[Date "2011.09.30"]
[Round "3.1"]
[White "Poehlmann, Roger M"]
[Black "Krasnov, Steven"]
[Result "1/2-1/2"]
[WhiteElo "2259"]
[BlackElo "1974"]
[PlyCount "78"]
[EventDate "2011.??.??"]
[SourceDate "2007.10.22"]

1. d4 Nf6 2. Bg5 Ne4 3. Bf4 e6 4. f3 Nf6 5. e4 c5 6. c3 cxd4 7. cxd4 Qb6 8. Qd2
Nc6 9. Be3 d5 10. e5 Nd7 11. f4 Be7 12. Nf3 O-O 13. Nc3 f6 14. Bd3 fxe5 15.
fxe5 Rf7 16. O-O Nf8 17. Nb5 Nb4 18. Ng5 Rxf1+ 19. Rxf1 Bd7 20. Qf2 Be8 21. Be2
a6 22. Nc3 Bg6 23. h4 Nc2 24. h5 Nxe3 25. Qxe3 Bxg5 26. Qxg5 Qxd4+ 27. Kh1 Bf5
28. h6 Qxe5 29. Nxd5 Ng6 30. Ne7+ Nxe7 31. Qxe7 gxh6 32. Qxb7 Rb8 33. Qxa6 Rxb2
34. Qc8+ Kg7 35. Qd7+ Kg6 36. Qe8+ Kg7 37. Qe7+ Kg6 38. Qe8+ Kg7 39. Qe7+ Kg6
1/2-1/2

[Event "Berkeley CC Capablanca FNM; 30/90, SD/3"]
[Site "Berkeley"]
[Date "2011.09.16"]
[Round "1.3"]
[White "Poehlmann, Roger M"]
[Black "Lesquillier, Walter"]
[Result "1-0"]
[WhiteElo "2259"]
[BlackElo "1708"]
[PlyCount "68"]
[EventDate "2011.??.??"]
[SourceDate "2007.10.22"]

1. d4 Nf6 2. Bg5 Ne4 3. Bf4 e6 4. f3 Bd6 5. Bxd6 Nxd6 6. e4 f5 7. e5 Nf7 8. Nc3
c5 9. f4 cxd4 10. Qxd4 Nc6 11. Qf2 d5 12. Nf3 O-O 13. Bd3 Nb4 14. O-O Nxd3 15.
cxd3 Bd7 16. Rfc1 Qa5 17. Nd4 Rac8 18. g3 Rc7 19. Nb3 Qb6 20. Qxb6 axb6 21. Ne2
Rfc8 22. Rxc7 Rxc7 23. Ned4 Kf8 24. Kf2 Ke7 25. Ke3 Ba4 26. Nd2 Bd7 27. h3 Rc8
28. N2f3 Rc7 29. g4 g6 30. Rg1 Rc8 31. gxf5 exf5 32. h4 Nh6 33. Kd2 Ng4 34. h5
Be8 1-0

[Event "Berkeley CC ch"]
[Site "?"]
[Date "2009.11.27"]
[Round "4.1"]
[White "Poehlmann, Roger"]
[Black "Lope, Greg"]
[Result "1-0"]
[WhiteElo "2250"]
[BlackElo "2188"]
[Annotator ",Anonymous"]
[PlyCount "77"]
[EventDate "2009.05.12"]
[SourceDate "2007.10.22"]

1. Nf3 c5 2. g3 d6 3. c4 Nf6 4. Nc3 Nc6 5. Bg2 g6 6. e3 Bg7 7. d4 Bg4 8. d5
Bxf3 9. Bxf3 Ne5 10. Be2 O-O 11. f4 Ned7 12. g4 Ne8 13. h4 e5 14. f5 e4 15.
Nxe4 Qe7 16. Nc3 Bxc3+ 17. bxc3 gxf5 18. g5 Qe5 19. Kd2 Ng7 20. Bd3 Rfe8 21.
Qf3 b5 22. cxb5 Nb6 23. Kc2 Nxd5 24. Bd2 Rac8 25. Raf1 f4 26. exf4 Nb4+ 27. Kb1
Qe7 28. cxb4 c4 29. Bc2 c3 30. Qd3 f5 31. gxf6 Qxf6 32. Qxh7+ Kf8 33. Bc1 Qd4
34. Rh2 Qxb4+ 35. Bb3 d5 36. Rg2 Qe4+ 37. Qxe4 dxe4 38. f5 Rc7 39. Ba3+ 1-0

[Event "Berkeley CC Colle FNM; 30/90, SD/30"]
[Site "Berkeley"]
[Date "2011.07.15"]
[Round "6.1"]
[White "Poehlmann, Roger M"]
[Black "Lope, Greg"]
[Result "0-1"]
[WhiteElo "2276"]
[BlackElo "2024"]
[PlyCount "60"]
[EventDate "2011.??.??"]
[SourceDate "2007.10.22"]

1. g3 Nf6 2. Bg2 g6 3. d4 Bg7 4. e4 d6 5. Nc3 O-O 6. Nge2 e5 7. h3 Nc6 8. Be3
a6 9. a4 Rb8 10. a5 Kh8 11. O-O Bd7 12. Kh2 Ne8 13. Qd2 f5 14. exf5 gxf5 15.
Rfd1 Nf6 16. dxe5 Nxe5 17. Bg5 Bc6 18. Qf4 Qe8 19. Bxf6 Rxf6 20. Nd4 Qg6 21.
Nxc6 bxc6 22. b3 Bh6 23. Qa4 f4 24. Ne4 fxg3+ 25. fxg3 Rg8 26. Rg1 Rf2 27. Kh1
Rxc2 28. Ra2 Rxa2 29. Qxa2 d5 30. Nc5 Qxg3 0-1

[Event "Berkeley CC Reti FNM; 30/90, SD/60"]
[Site "Berkeley CA"]
[Date "2011.04.29"]
[Round "2.7"]
[White "Poehlmann, Roger"]
[Black "Magganas, Alexander"]
[Result "1-0"]
[WhiteElo "2264"]
[BlackElo "1520"]
[PlyCount "45"]
[EventDate "2011.??.??"]
[SourceDate "2007.10.22"]

1. g3 Nf6 2. Bg2 g6 3. d4 Bg7 4. e4 d6 5. Nc3 O-O 6. Nge2 c5 7. dxc5 dxc5 8.
Qxd8 Rxd8 9. Be3 Na6 10. h3 e5 11. O-O b6 12. Bg5 Bb7 13. f4 Re8 14. f5 Nd7 15.
Rad1 Bc8 16. f6 h6 17. Bc1 Nxf6 18. Bxh6 Bxh6 19. Rxf6 Re6 20. Rd8+ Kg7 21.
Rxe6 fxe6 22. Nb5 Kf6 23. Nd6 1-0

[Event "Berkeley CS Rubinstein FNM; 30/90, SD/3"]
[Site "Berkeley"]
[Date "2011.08.26"]
[Round "5.2"]
[White "Poehlmann, Roger M"]
[Black "Narayanan, Praveen"]
[Result "1-0"]
[WhiteElo "2272"]
[BlackElo "1938"]
[PlyCount "65"]
[EventDate "2011.??.??"]
[SourceDate "2007.10.22"]

1. d4 Nf6 2. Bg5 d5 3. Bxf6 exf6 4. e3 Bd6 5. Nd2 O-O 6. g3 Re8 7. Bg2 c6 8.
Ne2 Bg4 9. O-O Nd7 10. c4 dxc4 11. Nxc4 Bf8 12. Qc2 Nb6 13. Nf4 Nxc4 14. Qxc4
Rc8 15. b4 Bf5 16. Rfc1 Qd6 17. a3 h6 18. Nd3 Be6 19. Qc5 Qd7 20. Qc3 Bf5 21.
Nc5 Qe7 22. Qb2 Red8 23. Rc3 Be6 24. Nxe6 Qxe6 25. Rac1 Qd7 26. Qc2 Rb8 27. Be4
Bd6 28. h4 Qe7 29. Bd3 a6 30. Qd2 Ra8 31. Bb1 a5 32. b5 Bxa3 33. Qd3 1-0

[Event "Purdy FNM; 30/90, SD/30"]
[Site "Berkeley"]
[Date "2010.01.22"]
[Round "3.3"]
[White "Poehlmann, Roger M"]
[Black "Sherwood, Peter"]
[Result "1-0"]
[WhiteElo "2263"]
[BlackElo "1707"]
[PlyCount "95"]
[EventDate "2010.??.??"]
[SourceDate "2007.10.22"]

1. Nf3 Nf6 2. g3 c5 3. Bg2 Nc6 4. O-O e5 5. d3 Be7 6. e4 O-O 7. Nc3 d6 8. h3 h6
9. Nd2 Be6 10. f4 exf4 11. gxf4 Bd7 12. Nc4 Rb8 13. a4 Ne8 14. Nd5 f5 15. Bd2
Nf6 16. e5 dxe5 17. fxe5 Nxd5 18. Bxd5+ Kh8 19. Bc3 Nd4 20. Bxd4 cxd4 21. Qf3
f4 22. e6 Be8 23. Bxb7 Rf5 24. Be4 Bh5 25. Bxf5 Bxf3 26. Rxf3 g5 27. Re1 Qe8
28. b3 Kg7 29. Re5 Kf6 30. Bg4 Kg6 31. Rxf4 gxf4 32. Bh5+ Kf6 33. Bxe8 Rxe8 34.
Kf2 Rc8 35. Re4 Kf5 36. Kf3 Rc5 37. Rxd4 Kxe6 38. Rxf4 Rh5 39. Kg2 Rg5+ 40. Rg4
Rh5 41. c3 Bf6 42. d4 Rf5 43. Ne3 Ra5 44. Re4+ Kd7 45. Ng4 Bg5 46. Ne5+ Kc7 47.
c4 Ra6 48. c5 1-0

[Event "Berkeley CC Colle FNM; 30/90, SD/30"]
[Site "Berkeley"]
[Date "2011.06.17"]
[Round "2.1"]
[White "Poehlmann, Roger M"]
[Black "Smail, John"]
[Result "1-0"]
[WhiteElo "2276"]
[BlackElo "1866"]
[PlyCount "57"]
[EventDate "2011.??.??"]
[SourceDate "2007.10.22"]

1. g3 f5 2. Nf3 e6 3. Bg2 Nf6 4. c4 Be7 5. O-O O-O 6. Nc3 d6 7. d4 a5 8. Re1
Ne4 9. Qc2 Nxc3 10. bxc3 Nc6 11. d5 Ne5 12. Nd4 Ng4 13. Nxe6 Bxe6 14. dxe6 c6
15. Rb1 Qc7 16. h3 Ne5 17. e4 Nxc4 18. exf5 a4 19. Bf1 Na5 20. Rb4 b5 21. Rg4
Kh8 22. Bd3 Bf6 23. Bg5 Qe7 24. Bc1 Nb7 25. Ba3 Nd8 26. c4 Rb8 27. cxb5 cxb5
28. Rc1 b4 29. Rxb4 1-0

[Event "Berkeley CS Rubinstein FNM; 30/90, SD/3"]
[Site "Berkeley"]
[Date "2011.07.29"]
[Round "1.2"]
[White "Poehlmann, Roger M"]
[Black "Sowell, Nelson M"]
[Result "1-0"]
[WhiteElo "2272"]
[BlackElo "1722"]
[PlyCount "81"]
[EventDate "2011.??.??"]
[SourceDate "2007.10.22"]

1. d4 Nf6 2. Bg5 b6 3. c4 Bb7 4. Nc3 e6 5. e4 h6 6. Bxf6 Qxf6 7. Nf3 Bb4 8. Bd3
Bxc3+ 9. bxc3 d6 10. O-O O-O 11. Ne1 Rd8 12. f4 Nd7 13. Qh5 c5 14. e5 Qe7 15.
Rd1 Nf8 16. Nc2 dxe5 17. fxe5 Rd7 18. h4 Rad8 19. Rf4 cxd4 20. cxd4 Bc6 21.
Rdf1 Qe8 22. Qg4 Qe7 23. Qh5 Qe8 24. Qg4 Qe7 25. Rf6 Kh8 26. Qh5 Kg8 (26...
gxf6 27. Qxh6+ Kg8 28. exf6) 27. Qg4 Ba4 28. R1f4 Bxc2 29. Bxc2 Kh8 30. Rxf7
Qxf7 31. Rxf7 Rxf7 32. Bb3 Re7 33. Qe4 g6 34. d5 exd5 35. cxd5 Kg7 36. e6 Kg8
37. Qe5 Rde8 38. Ba4 Rd8 39. Qf6 Rde8 40. Bxe8 Rxe8 41. Qf7+ 1-0

[Event "Berkeley CC Colle FNM; 30/90, SD/30"]
[Site "Berkeley"]
[Date "2011.06.24"]
[Round "3.1"]
[White "Poehlmann, Roger M"]
[Black "Watson, Farid"]
[Result "1/2-1/2"]
[WhiteElo "2276"]
[BlackElo "2022"]
[PlyCount "60"]
[EventDate "2011.??.??"]
[SourceDate "2007.10.22"]

1. d4 g6 2. e4 Bg7 3. c3 d6 4. f4 Nf6 5. Bd3 Na6 6. Nf3 c5 7. d5 O-O 8. Nbd2
Nc7 9. a4 e6 10. c4 Na6 11. O-O Nb4 12. Bb1 a6 13. Ra3 exd5 14. exd5 Bg4 15.
Qe1 b5 16. axb5 axb5 17. Rxa8 Qxa8 18. b3 Re8 19. Qh4 Qa1 20. Ng5 Be2 21. Re1
h5 22. f5 Nd3 23. fxg6 fxg6 24. Bxd3 Bxd3 25. Rxe8+ Nxe8 26. Qe1 Qe5 27. Qxe5
Bxe5 28. cxb5 Bd4+ 29. Kh1 Bxb5 30. Nc4 Bxc4 1/2-1/2

[Event "Berkeley CC Capablanca FNM; 30/90, SD/3"]
[Site "Berkeley"]
[Date "2011.09.30"]
[Round "3.5"]
[White "Quadir, Mahiuddin"]
[Black "Karas, Nicholas"]
[Result "0-1"]
[WhiteElo "1658"]
[BlackElo "2103"]
[PlyCount "64"]
[EventDate "2011.??.??"]
[SourceDate "2007.10.22"]

1. e4 c5 2. Nf3 d6 3. d4 cxd4 4. Nxd4 Nf6 5. Nc3 a6 6. Be3 e5 7. Nb3 Be6 8. f3
Be7 9. Qd2 O-O 10. O-O-O Nbd7 11. g4 b5 12. Kb1 Nb6 13. Qf2 Nc4 14. Bxc4 Bxc4
15. Bb6 Qb8 16. Na5 Rc8 17. Nd5 Nxd5 18. exd5 b4 19. Nc6 Qb7 20. Nxb4 Rab8 21.
Nc6 Rxc6 22. dxc6 Qxb6 23. Qxb6 Rxb6 24. c7 Rc6 25. c8=Q+ Rxc8 26. Rd2 g6 27.
b3 Be6 28. c4 f5 29. gxf5 Bxf5+ 30. Kb2 Kf7 31. Rhd1 Bd7 32. Rd5 Bc6 0-1

[Event "Berkeley CC Capablanca FNM; 30/90, SD/3"]
[Site "Berkeley"]
[Date "2011.09.16"]
[Round "1.6"]
[White "Quadir, Mahiuddin"]
[Black "Krasnov, Steven"]
[Result "0-1"]
[WhiteElo "1658"]
[BlackElo "1974"]
[PlyCount "37"]
[EventDate "2011.??.??"]
[SourceDate "2007.10.22"]

1. e4 c5 2. Nf3 e6 3. d4 cxd4 4. Nxd4 a6 5. Be3 Nf6 6. Nc3 Qc7 7. a3 b5 8. f3
Bb7 9. g4 h6 10. Qe2 Be7 11. h4 d5 12. exd5 Nxd5 13. Nxd5 Bxd5 14. O-O-O Nd7
15. Qf2 Rc8 16. Bg2 Qc4 17. c3 Qa2 18. f4 Rxc3+ 19. bxc3 0-1

[Event "David Pruess FNM; 30/90, SD/30"]
[Site "Berkeley"]
[Date "2008.10.10"]
[Round "6.6"]
[White "Ren, James"]
[Black "Clara, John A"]
[Result "1/2-1/2"]
[WhiteElo "1356"]
[BlackElo "1416"]
[PlyCount "41"]
[EventDate "2008.??.??"]
[SourceDate "2007.10.22"]

1. e4 c6 2. d4 d5 3. exd5 cxd5 4. c4 Nf6 5. Nc3 e6 6. Nf3 Bd6 7. Bd3 b6 8. O-O
Bb7 9. Re1 O-O 10. cxd5 Nxd5 11. Nxd5 Bxd5 12. Be4 Bb4 13. Re3 Nc6 14. Ne5 Bxe4
15. Rxe4 Nxe5 16. Rxe5 Bd6 17. Re1 Qc7 18. g3 Rfd8 19. Be3 Bc5 20. Qc1 Bd6 21.
Qxc7 1/2-1/2

[Event "BCC Annual Championship"]
[Site "?"]
[Date "2008.11.21"]
[Round "5.4"]
[White "Ren, James"]
[Black "Jahedi, Salar"]
[Result "0-1"]
[WhiteElo "1320"]
[BlackElo "2082"]
[PlyCount "82"]
[EventDate "2008.??.??"]
[SourceDate "2007.10.22"]

1. e4 e6 2. d4 d5 3. e5 c5 4. c3 Nc6 5. Nf3 Qb6 6. b3 cxd4 7. cxd4 Bb4+ 8. Bd2
Nxd4 9. Bxb4 Qxb4+ 10. Nbd2 Bd7 11. Rc1 Ne7 12. Bd3 Nxf3+ 13. Qxf3 Nc6 14. Qe3
O-O 15. O-O Nxe5 16. a3 Qd6 17. Qg3 f6 18. b4 a5 19. Rb1 axb4 20. axb4 Ra4 21.
Bc2 Rxb4 22. f4 Rxb1 23. Bxb1 Ng6 24. h4 Ra8 25. h5 Nf8 26. h6 g6 27. Qh4 Qe7
28. Re1 Ra4 29. Nf3 e5 30. Rxe5 Qc5+ 31. Kh2 fxe5 32. Qf6 Ne6 33. Ng5 Rxf4 34.
Qxe5 Qd4 35. Qb8+ Rf8 36. Qxb7 Qf4+ 37. Kg1 Qxg5 38. Qxd7 Qc1+ 39. Kh2 Qxh6+
40. Kg1 Qc1+ 41. Kh2 Qc7+ 0-1

[Event "BCC Championship"]
[Site "Berkeley"]
[Date "2008.12.19"]
[Round "8.10"]
[White "Ren, James"]
[Black "Seidel, Michael J"]
[Result "0-1"]
[WhiteElo "1320"]
[BlackElo "1456"]
[PlyCount "76"]
[EventDate "2008.??.??"]
[SourceDate "2007.10.22"]

1. e4 e5 2. Nf3 Nc6 3. Bc4 Nf6 4. Nc3 Bb4 5. d3 O-O 6. Bd2 d6 7. Nd5 Bxd2+ 8.
Qxd2 Bg4 9. h3 Bxf3 10. gxf3 Nd4 11. O-O-O Nxf3 12. Qe3 Nxd5 13. Qxf3 Nf4 14.
Rdg1 a5 15. h4 c6 16. d4 b5 17. Bf1 a4 18. Bh3 a3 19. b3 Qf6 20. Bf5 c5 21. d5
c4 22. b4 c3 23. Kd1 Rac8 24. Bxc8 Rxc8 25. Rg5 Rc4 26. Rhg1 g6 27. h5 Rxb4 28.
Qxc3 Rd4+ 29. Ke1 b4 30. Qc8+ Kg7 31. h6+ Kxh6 32. Qg4 Rxe4+ 33. Kd1 Ne2 34.
Qh3+ Kg7 35. R1g4 Nc3+ 36. Kc1 Re1+ 37. Kd2 Qxf2+ 38. Kd3 Qe2# 0-1

[Event "BCC Annual Championship"]
[Site "?"]
[Date "2008.11.07"]
[Round "3.3"]
[White "Ren, James"]
[Black "Sherwood, Peter"]
[Result "1-0"]
[WhiteElo "1320"]
[BlackElo "1732"]
[PlyCount "113"]
[EventDate "2008.??.??"]
[SourceDate "2007.10.22"]

1. e4 c5 2. Nf3 d6 3. d4 cxd4 4. Nxd4 Nf6 5. Nc3 a6 6. Be3 e5 7. Nf3 Be7 8. h3
O-O 9. Be2 Nbd7 10. O-O b5 11. Nd2 Bb7 12. Bf3 Rc8 13. Nb3 Nb6 14. Re1 Nc4 15.
Bc1 Qc7 16. Nd2 Rfd8 17. Nxc4 Qxc4 18. a3 Qc7 19. h4 Qd7 20. Bg5 Rc4 21. g3 Rd4
22. Qe2 h6 23. Bxf6 Bxf6 24. Nd5 Bxd5 25. exd5 Rc8 26. c3 Rdc4 27. b3 Rxc3 28.
Bg4 Qc7 29. Bxc8 Qxc8 30. b4 Bd8 31. Qd2 Bb6 32. Kg2 Rc2 33. Rec1 Rxd2 34.
Rxc8+ Kh7 35. Rf1 Rxd5 36. Rc6 Bd8 37. Rxa6 f5 38. a4 bxa4 39. Rxa4 g5 40. hxg5
hxg5 41. Raa1 Rb5 42. Rfd1 d5 43. Rh1+ Kg6 44. Ra6+ Bf6 45. Rb1 d4 46. Ra5 Rb8
47. b5 e4 48. Ra6 d3 49. Kf1 f4 50. b6 Kf5 51. b7 Be5 52. Ra5 e3 53. gxf4 gxf4
54. Rbb5 d2 55. Rxe5+ Kg4 56. Ke2 Rxb7 57. Rg5+ 1-0

[Event "David Pruess FNM; 30/90, SD/30"]
[Site "?"]
[Date "2008.09.19"]
[Round "3.8"]
[White "Ren, James"]
[Black "Sherwood, Peter"]
[Result "0-1"]
[WhiteElo "1356"]
[BlackElo "1755"]
[PlyCount "130"]
[EventDate "2008.??.??"]
[SourceDate "2007.10.22"]

1. e4 c5 2. Nf3 d6 3. d4 cxd4 4. Nxd4 Nf6 5. Nc3 a6 6. Be3 e5 7. Nf3 Be7 8. Be2
Nbd7 9. h3 b5 10. a3 Bb7 11. Nd2 Rc8 12. O-O O-O 13. Bf3 Nb6 14. Re1 Qc7 15.
Qe2 Rfd8 16. Rac1 d5 17. Bxb6 Qxb6 18. exd5 Nxd5 19. Nxd5 Bxd5 20. Bxd5 Rxd5
21. Nf3 f6 22. c3 Rcd8 23. Rcd1 Qd6 24. Rxd5 Qxd5 25. Qe4 Qd7 26. c4 Qd3 27.
Qxd3 Rxd3 28. cxb5 axb5 29. Kf1 Bc5 30. Ke2 Rd5 31. b4 Bb6 32. Ra1 e4 33. Nd2
f5 34. f3 e3 35. Nf1 f4 36. Ra2 Kf7 37. g3 g5 38. gxf4 gxf4 39. a4 bxa4 40.
Rxa4 Ke6 41. Ra6 Rb5 42. Ra4 Ke5 43. Nh2 h5 44. Nf1 Kd4 45. Nh2 Kc4 46. Nf1
Rxb4 47. Rxb4+ Kxb4 48. Kd3 Bc7 49. Nh2 Kb3 50. Nf1 Kb2 51. Nh2 Kc1 52. Ke2 Kc2
53. Nf1 Bb6 54. Nh2 Kc3 55. Nf1 Kd4 56. Nh2 Ke5 57. Nf1 Kf5 58. Nh2 Kg5 59. Kf1
Kh4 60. Ng4 hxg4 61. hxg4 Kg3 62. Ke2 Bd8 63. Ke1 Kxf3 64. Kf1 e2+ 65. Ke1 Bh4+
0-1

[Event "BCC David Pruess Marathon"]
[Site "?"]
[Date "2008.09.12"]
[Round "2.10"]
[White "Ren, James"]
[Black "Van Gorder, Neil"]
[Result "1/2-1/2"]
[WhiteElo "1356"]
[BlackElo "1448"]
[PlyCount "75"]
[EventDate "2008.??.??"]
[SourceDate "2007.10.22"]

1. e4 e5 2. Nf3 Nc6 3. Bb5 a6 4. Ba4 Nf6 5. O-O Be7 6. Re1 b5 7. Bb3 O-O 8. c3
d5 9. exd5 Nxd5 10. d4 exd4 11. cxd4 Re8 12. Nc3 Nxc3 13. bxc3 Na5 14. Bc2 Nc4
15. Bf4 Bb7 16. Qd3 g6 17. Ne5 Nxe5 18. Bxe5 c5 19. Qh3 Rc8 20. Rad1 cxd4 21.
Rxd4 Qb6 22. Kf1 Bf6 23. Bxf6 Qxf6 24. Rxe8+ Rxe8 25. Rd1 Kg7 26. Qd7 Bc6 27.
Qd4 h5 28. Qxf6+ Kxf6 29. Bb3 Ke7 30. g3 f6 31. c4 bxc4 32. Bxc4 Bb5 33. Bxb5
axb5 34. Rb1 Ra8 35. Rxb5 Rxa2 36. Rb7+ Ke6 37. Rg7 Kf5 38. h3 1/2-1/2

[Event "George Koltanowski Sunday Marathon"]
[Site "?"]
[Date "2007.11.18"]
[Round "5"]
[White "Riese, Kayven"]
[Black "Hume, Chris"]
[Result "1-0"]
[WhiteElo "1833"]
[BlackElo "1776"]
[PlyCount "41"]
[EventDate "2007.10.28"]
[SourceDate "2007.10.22"]

1. e4 g6 2. d4 d6 3. Nc3 Bg7 4. Be3 a6 5. Qd2 b5 6. O-O-O Bb7 7. f3 e6 8. h4 h6
9. g4 Nd7 10. Kb1 Ne7 11. Nh3 f5 12. Nf4 Nf8 13. d5 e5 14. Ne6 Nxe6 15. dxe6
fxe4 16. fxe4 b4 17. Nd5 c5 18. Bc4 Bc8 19. g5 hxg5 20. Bxg5 Bh6 21. Nf6+ 1-0

[Event "BCC Grand ReOpening 2007"]
[Site "?"]
[Date "2007.10.14"]
[Round "6"]
[White "Riese, Kayven"]
[Black "Lum, Michael"]
[Result "1/2-1/2"]
[WhiteElo "1822"]
[BlackElo "1788"]
[PlyCount "82"]
[EventDate "2007.??.??"]
[SourceDate "2007.10.22"]

1. e4 c6 2. d4 d5 3. exd5 cxd5 4. c4 Nc6 5. Nc3 Nf6 6. Bg5 dxc4 7. d5 Ne5 8.
Qd4 Nd3+ 9. Bxd3 cxd3 10. Nf3 g6 11. Bxf6 exf6 12. O-O Be7 13. Qxd3 O-O 14.
Rad1 Bd6 15. Nb5 a6 16. Nxd6 Qxd6 17. Qb3 Bg4 18. Rd4 Bxf3 19. Qxf3 Rad8 20.
Rfd1 Rfe8 21. g3 Re5 22. a4 Rd7 23. Qd3 Rde7 24. Qc3 Rc7 25. Rc4 Ree7 26. b3
Rcd7 27. Qb4 Qxb4 28. Rxb4 Rd6 29. a5 Red7 30. Rbd4 f5 31. f4 Re7 32. Kf2 f6
33. R1d3 Kf7 34. Re3 Red7 35. Red3 Re7 36. Rc3 g5 37. b4 Red7 38. Rc5 Re7 39.
Rc8 Red7 40. Rh8 Kg7 41. Rb8 Re7 1/2-1/2

[Event "BCC Grand ReOpening 2007"]
[Site "?"]
[Date "2007.10.07"]
[Round "5"]
[White "Riese, Kayven"]
[Black "Marthinsen, Art"]
[Result "0-1"]
[WhiteElo "1822"]
[BlackElo "1920"]
[PlyCount "46"]
[EventDate "2007.??.??"]
[SourceDate "2007.10.22"]

1. e4 e5 2. Nf3 Nc6 3. Bb5 a6 4. Ba4 Nf6 5. O-O Nxe4 6. d4 b5 7. Bb3 d5 8. dxe5
Be6 9. c3 Be7 10. Nbd2 O-O 11. h3 Qd7 12. Re1 Nc5 13. Bc2 d4 14. Ne4 Rad8 15.
cxd4 Nxd4 16. Nxc5 Nxf3+ 17. Qxf3 Bxc5 18. Qg3 Kh8 19. Bg5 Rde8 20. Rad1 Qc6
21. Qh4 h6 22. Be4 Qb6 23. Re2 Bxa2 0-1